Alle Spieler,die jemals Weltmeister wurden - Statistiken

Allgemein
  • Dieses Quiz wurde 303 mal gespielt
    250 seit der letzten Aktualisierung
  • Das Durchschnittsergebnis liegt bei 78 aus 386
Antwortstatistiken
% Korrekt
Argentinien/2022 Lionel Messi
92%
Deutschland/1974 Gerd Müller
88%
Brasilien/1994 Luís "Müller" Antônio Corrêa da Costa
88%
Deutschland/2014 Thomas Müller
88%
Deutschland/2014 Manuel Neuer
84%
Deutschland/2014 Mario Götze
82%
Deutschland/2014 Miroslav Klose
81%
Deutschland/2014 Philipp Lahm
80%
Deutschland/2014 Bastian Schweinsteiger
79%
Brasilien/2002 Ronaldo
78%
Deutschland/2014 Mats Hummels
76%
Brasilien/1958 | Brasilien/1962 | Brasilien/1970 Pelé
74%
Deutschland/2014 Jérôme Boateng
73%
Frankreich/2018 Kylian Mbappé
73%
Deutschland/2014 André Schürrle
72%
Argentinien/2022 Emiliano Martínez
72%
Spanien/2010 Javi Martínez
72%
Argentinien/2022 Lautaro Martínez
72%
Argentinien/2022 Lisandro Martínez
72%
Deutschland/1974 Franz Beckenbauer
70%
Deutschland/2014 Toni Kroos
70%
Spanien/2010 Andrés Iniesta
68%
Deutschland/2014 Mesut Özil
68%
Deutschland/2014 Sami Khedira
68%
Brasilien/2002 Ronaldinho
67%
Deutschland/2014 Benedikt Höwedes
66%
Spanien/2010 Iker Casillas
66%
Spanien/2010 Xavi
66%
Frankreich/1998 Zinédine Zidane
65%
Italien/2006 Gianluigi Buffon
64%
Deutschland/1990 Lothar Matthäus
63%
Frankreich/2018 Antoine Griezmann
61%
Frankreich/2018 Hugo Lloris
61%
Argentinien/1986 Diego Maradona
60%
Brasilien/1962 Mauro Ramos
60%
Spanien/2010 Sergio Ramos
60%
Spanien/2010 Fernando Torres
58%
Deutschland/2014 Lukas Podolski
58%
Deutschland/2014 Per Mertesacker
58%
Argentinien/2022 Ángel Di Maria
56%
Deutschland/2014 Christoph Kramer
56%
Spanien/2010 David Villa
56%
Frankreich/2018 Paul Pogba
56%
Italien/1934 Attilio Dimaría
54%
Spanien/2010 Gerard Piqué
54%
Deutschland/1954 Karl Mai
54%
Argentinien/1978 Ricardo Villa
54%
Frankreich/2018 Lucas Hernández
53%
Frankreich/2018 Oliver Giroud
53%
Brasilien/2002 Rivaldo
53%
Frankreich/2018 Benjamin Pavard
52%
Spanien/2010 Carles Puyol
52%
Italien/2006 Fabio Cannavaro
52%
Brasilien/2002 Roberto Carlos
51%
Deutschland/1990 Rudi Völler
51%
Deutschland/1954 Helmut Rahn
50%
Spanien/2010 Sergio Busquets
49%
Deutschland/1974 Uli Hoeneß
48%
Deutschland/1990 Andreas Brehme
47%
Deutschland/1990 Jürgen Klinsmann
47%
Italien/2006 Andrea Pirlo
46%
Deutschland/1974 Sepp Maier
46%
Deutschland/2014 Shkodran Mustafi
46%
Italien/2006 Francesco Totti
45%
Frankreich/2018 N'Golo Kanté
44%
Spanien/2010 Xabi Alonso
44%
Argentinien/2022 Julián Álvarez
43%
Italien/2006 Alessandro Del Piero
42%
Brasilien/1994 | Brasilien/2002 Cafu
42%
Argentinien/2022 Enzo Fernández
42%
Brasilien/2002 Kaká
42%
Deutschland/1954 Fritz Walter
41%
Frankreich/2018 Raphaël Varane
41%
Brasilien/2002 Gilberto Silva
40%
Deutschland/1954 Ottmar Walter
40%
Frankreich/2018 Ousmane Dembélé
40%
Frankreich/1998 Thierry Henry
40%
Spanien/2010 David Silva
39%
Brasilien/1958 Dida
39%
Deutschland/2014 Julian Draxler
39%
Uruguay/1930 Lorenzo Fernández
39%
Brasilien/1994 Mauro Silva
39%
Argentinien/2022 Paulo Dybala
38%
Argentinien/2022 Rodrigo De Paul
38%
Argentinien/1978 Norberto Alonso
37%
Uruguay/1950 Óscar Omar Miguez Anton
37%
Deutschland/1974 Paul Breitner
36%
Frankreich/1998 Lillian Thuram
35%
Argentinien/2022 Papu Gómez
35%
Italien/2006 Daniele De Rossi
34%
Argentinien/2022 Nicolás Otamendi
34%
Frankreich/2018 Samuel Umtiti
34%
Argentinien/2022 Alexis Mac Allister
33%
Frankreich/1998 Fabien Barthez
33%
Deutschland/1974 Günter Netzer
33%
Italien/2006 Luca Toni
32%
Brasilien/1994 Romário
32%
Italien/2006 Alessandro Nesta
31%
England/1966 Bobby Charlton
31%
England/1966 Jack Charlton
31%
Frankreich/1998 Didier Deschamps
30%
Brasilien/1958 | Brasilien/1962 Garrincha
30%
Spanien/2010 Cesc Fàbregas
29%
Brasilien/2002 Lúcio
28%
Italien/2006 Marco Materazzi
28%
Frankreich/2018 Blaise Matuidi
27%
Deutschland/1990 Bodo Illgner
27%
Deutschland/1990 Jürgen Kohler
27%
Deutschland/1990 Klaus Augenthaler
27%
Italien/1982 Paolo Rossi
27%
Spanien/2010 Pedro
27%
Italien/1982 Dino Zoff
26%
Italien/2006 Fabio Grosso
26%
Italien/2006 Filippo Inzaghi
26%
Deutschland/1974 Jupp Heynckes
26%
Frankreich/2018 Presnel Kimpembe
26%
Deutschland/1990 Thomas Häßler
26%
Deutschland/1990 Andreas Möller
25%
Argentinien/2022 Cristian Romero
25%
Frankreich/1998 David Trezeguet
25%
Italien/2006 Gennaro Gattuso
25%
Deutschland/1954 Max Morlock
25%
Deutschland/1974 Berti Vogts
24%
Frankreich/1998 Bixente Lizarazu
24%
Frankreich/2018 Corentin Tolisso
24%
Deutschland/1974 Georg Schwarzenbeck
24%
Deutschland/1954 Toni Turek
24%
Deutschland/1990 Olaf Thon
23%
Frankreich/2018 Benjamin Mendy
22%
Brasilien/1970 Carlos Alberto
22%
Italien/1934 Luis Monti
22%
Deutschland/1990 Pierre Littbarski
22%
Italien/2006 Gianluca Zambrotta
21%
Frankreich/1998 Laurent Blanc
21%
Brasilien/1970 Roberto
21%
Frankreich/2018 Steve Mandanda
21%
Deutschland/1974 Wolfgang Overath
21%
England/1966 Bobby Moore
20%
Frankreich/1998 Emmanuel Petit
20%
Argentinien/2022 Exequiel Palacios
20%
Deutschland/1974 Bernd Hölzenbein
19%
Argentinien/2022 Gonzalo Montiel
19%
Deutschland/1990 Guido Buchwald
19%
Deutschland/1990 Karl-Heinz Riedle
19%
Argentinien/2022 Marcos Acuña
19%
Argentinien/1978 Mario Kempes
19%
Argentinien/2022 Nicolás Tagliafico
19%
Deutschland/1990 Stefan Reuter
19%
Italien/2006 Andrea Barzagli
18%
England/1966 Geoff Hurst
18%
Deutschland/1954 Hans Schäfer
18%
Italien/2006 Mauro Camoranesi
18%
Argentinien/2022 Nahuel Molina
18%
Brasilien/1994 Cláudio Taffarel
17%
Brasilien/1994 Dunga
17%
Spanien/2010 Joan Capdevila
17%
Argentinien/2022 Leandro Paredes
17%
Frankreich/1998 Marcel Desailly
17%
Brasilien/1970 Paulo César
17%
Deutschland/1990 Thomas Berthold
17%
Argentinien/2022 Guido Rodríguez
16%
Deutschland/1954 Horst Eckel
16%
Spanien/2010 Juan Mata
16%
Deutschland/1974 Jürgen Grabowski
16%
Frankreich/1998 Patrick Vieira
14%
England/1966 Gordon Banks
13%
Deutschland/1974 Rainer Bonhof
13%
Frankreich/1998 Robert Pires
13%
Frankreich/1998 Youri Djorkaeff
13%
Argentinien/2022 Ángel Correa
12%
Italien/2006 Simone Perrotta
12%
England/1966 Alan Ball
11%
Italien/2006 Alberto Gilardino
10%
Spanien/2010 Álvaro Arbeloa
10%
Brasilien/2002 Edmílson
10%
Italien/1982 Giuseppe Bergomi
10%
Italien/1934 | Italien/1938 Giuseppe Meazza
10%
Deutschland/1974 Horst-Dieter Höttges
10%
Spanien/2010 Jesús Navas
10%
Deutschland/1990 Uwe Bein
10%
Deutschland/1954 Werner Kohlmeyer
10%
Deutschland/1954 Werner Liebrich
10%
Brasilien/1994 Bebeto
9%
Spanien/2010 Fernando Llorente
9%
Brasilien/1970 Jairzinho
9%
Brasilien/1994 Jorginho
9%
Uruguay/1950 Juan Carlos González
9%
Brasilien/2002 Júnior
9%
Deutschland/1954 Jupp Posipal
9%
Brasilien/2002 Kléberson
9%
Italien/2006 Massimo Oddo
9%
Uruguay/1950 Matías Gonzalez
9%
Italien/2006 Vincenzo Iaquinta
9%
Spanien/2010 Carlos Marchena
8%
Italien/2006 Cristian Zaccardo
8%
Brasilien/1958 | Brasilien/1962 Djalma Santos
8%
Frankreich/2018 Florian Thauvin
8%
Brasilien/2002 Roque Júnior
8%
Uruguay/1930 Santos Vasquito Urdinarán Barrena
8%
Brasilien/1958 | Brasilien/1962 Vavá
8%
Deutschland/1974 Bernhard Cullmann
7%
Frankreich/1998 Christian Karembeu
7%
Brasilien/1994 Márcio Santos
7%
Frankreich/2018 Nabil Fekir
7%
Brasilien/1958 | Brasilien/1962 Nílton Santos
7%
Deutschland/1954 Richard Herrmann
7%
Frankreich/2018 Thomas Lemar
7%
Frankreich/1998 Christophe Dugarry
6%
Argentinien/1978 Daniel Passarella
6%
Brasilien/1958 | Brasilien/1962 Didi
6%
Frankreich/2018 Djibril Sidibé
6%
Deutschland/1974 Heinz Flohe
6%
Argentinien/1986 Jorge Burruchaga
6%
Brasilien/1958 | Brasilien/1962 Mário Zagallo
6%
Brasilien/1994 Paulo Sérgio
6%
Italien/1982 Alessandro Altobelli
5%
Italien/1982 Bruno Conti
5%
Brasilien/2002 Denílson
5%
Italien/1982 Gaetano Scirea
5%
Deutschland/1954 Heinrich Kwiatkowski
5%
Deutschland/1974 Herbert Wimmer
5%
Uruguay/1930 José Leandro Andrade
5%
Argentinien/1986 José Luis Brown
5%
Uruguay/1950 Julio Gervasio Pérez Gutiérrez
5%
Brasilien/2002 Marcos
5%
Italien/1982 Marco Tardelli
5%
England/1966 Roger Hunt
5%
Frankreich/1998 Stéphane Guivarc'h
5%
Frankreich/2018 Steven Nzonzi
5%
Uruguay/1950 Víctor Pablo Rodríguez Andrade
5%
Italien/1982 Antonio Cabrini
4%
Deutschland/1954 Bernhard Klodt
4%
Italien/1982 Claudio Gentile
4%
Frankreich/1998 Frank Lebœuf
4%
Argentinien/2022 Germán Pezzella
4%
Deutschland/1954 Hans Bauer
4%
Argentinien/1986 Jorge Valdano
4%
Uruguay/1930 José Pedro Cea
4%
Argentinien/2022 Juan Foyth
4%
Brasilien/1994 Mazinho
4%
Brasilien/1970 Roberto Rivelino
4%
Argentinien/2022 Thiago Almada
4%
Uruguay/1950 Alcides Ghiggia
3%
Brasilien/1994 Aldair
3%
Argentinien/1978 Daniel Bertoni
3%
Deutschland/1954 Fritz Laband
3%
Italien/1982 Giancarlo Antognoni
3%
Brasilien/1958 | Brasilien/1962 Gilmar
3%
Italien/1934 | Italien/1938 Giovanni Ferrari
3%
Deutschland/1990 Hans Pflügler
3%
Argentinien/1986 Héctor Enrique
3%
Uruguay/1950 Juan Schiaffino
3%
England/1966 Martin Peters
3%
Argentinien/1986 Nery Pumpido
3%
Argentinien/1978 Osvaldo Ardiles
3%
Italien/1938 Silvio Piola
3%
Argentinien/1978 Ubaldo Fillol
3%
Italien/1938 Alfredo Foni
2%
Deutschland/1954 Alfred Pfaff
2%
Frankreich/1998 Bernard Lama
2%
Brasilien/1994 Branco
2%
Brasilien/1970 Clodoaldo
2%
Deutschland/1974 Dieter Herzog
2%
Italien/1982 Francesco Graziani
2%
Italien/1982 Franco Causio
2%
Italien/1982 Fulvio Collovati
2%
Italien/1982 Gabriele Oriali
2%
Italien/1982 Giampiero Marini
2%
Uruguay/1930 Héctor Castro
2%
Brasilien/1994 Leonardo
2%
Argentinien/1978 Leopoldo Luque
2%
England/1966 Nobby Stiles
2%
Italien/1938 Pietro Rava
2%
Italien/1934 Raimundo Orsi
2%
Argentinien/1978 René Housemann
2%
Brasilien/2002 Ricardinho
2%
Argentinien/1986 Sergio Batista
2%
Italien/2006 Simone Barone
2%
Brasilien/1970 Tostão
2%
Frankreich/1998 Alain Boghossian
1%
Argentinien/1978 Alberto Tarantini
1%
Italien/1938 Aldo Olivieri
1%
Brasilien/1962 Amarildo
1%
Argentinien/1978 Américo Gallego
1%
Italien/1934 Angelo Schiavio
1%
Uruguay/1950 Aníbal Paz
1%
Brasilien/1958 Bellini
1%
Frankreich/1998 Bernard Dioméde
1%
Brasilien/1970 Brito
1%
Brasilien/1958 Dino Sani
1%
Brasilien/1970 Edu
1%
Uruguay/1930 Enrique Ballestrero
1%
Italien/1934 Enrique Guaita
1%
Italien/1938 Eraldo Monzeglio
1%
Uruguay/1950 Ernesto Vidal
1%
Italien/1934 Felice Borel
1%
Brasilien/1970 Felix
1%
England/1966 George Cohen
1%
Brasilien/1970 Gérson
1%
Italien/1934 Gianpiero Combi
1%
Uruguay/1930 Héctor Scarone
1%
England/1966 Jimmy Greaves
1%
Brasilien/1958 José Altafini
1%
Argentinien/1978 José Daniel Valencia
1%
Uruguay/1930 José Nasazzi
1%
Brasilien/2002 Juliano Belletti
1%
Argentinien/1986 Julio Olarticoechea
1%
Brasilien/2002 Juninho Paulista
1%
Argentinien/1978 Luis Galván
1%
Brasilien/2002 Luizão
1%
Brasilien/1970 Marco Antônio
1%
Argentinien/1986 Néstor Clausen
1%
Brasilien/1958 Nílton "Newton" De Sordi
1%
Uruguay/1950 Obdulio Jacinto Varela
1%
Argentinien/1978 Oscar Ortiz
1%
Deutschland/1954 Paul Mebus
1%
Brasilien/1970 Piazza
1%
Brasilien/1994 Raí
1%
Argentinien/1986 Ricardo Bochini
1%
Argentinien/1986 Ricardo Giusti
1%
Frankreich/1998 Vincent Candela
1%
Italien/1934 Virginio Rosetta
1%
Brasilien/1994 Zinho
1%
Brasilien/1958 | Brasilien/1962 Zito
1%
Uruguay/1930 Álvaro Gestido
0%
Italien/1938 Amedeo Biavati
0%
Brasilien/2002 Ânderson Polga
0%
Italien/1934 Anfilogino Guarisi
0%
Italien/1934 Armando Castellazzi
0%
Italien/1934 Attilio Ferraris
0%
Argentinien/1986 Carlos Tapia
0%
Argentinien/1986 Claudio Borghi
0%
Uruguay/1930 Domingo Tejera
0%
Brasilien/2002 Edílson
0%
Uruguay/1930 Ernesto Mascheroni
0%
Uruguay/1950 Eusebio Tejera
0%
Brasilien/1970 Everaldo
0%
Argentinien/1986 Ferro Carril Oeste
0%
Brasilien/1970 Fontana
0%
Italien/1938 Gino Colaussi
0%
England/1966 Ian Callaghan
0%
Brasilien/1958 Joel
0%
England/1966 John Connelly
0%
Argentinien/1978 Jorge Olguín
0%
Argentinien/1986 José Luis Cuciuffo
0%
Italien/1934 Luigi Allemandi
0%
Italien/1934 Luigi Bertolini
0%
Uruguay/1950 Luis Rijo
0%
Argentinien/1986 Marcelo Trobbiani
0%
Italien/1934 Mario Pizziolo
0%
Italien/1938 Miguel Andreolo
0%
Argentinien/1978 Miguel Oviedo
0%
Argentinien/1978 Omar Larrosa
0%
Brasilien/1958 Orlando
0%
Argentinien/1986 Oscar Ruggeri
0%
Uruguay/1930 Pablo Dorado
0%
Argentinien/1986 Pedro Pasculli
0%
Uruguay/1930 Pedro Petrone
0%
Uruguay/1930 Peregrino Anselmo
0%
Italien/1938 Piero Pasinati
0%
Italien/1938 Pietro Ferraris
0%
Italien/1938 Pietro Serantoni
0%
England/1966 Ray Wilson
0%
Brasilien/1994 Ricardo Rocha
0%
Uruguay/1950 Rubén Morán
0%
Uruguay/1930 Santos Iriarte
0%
Uruguay/1950 Schubert Gambetta
0%
England/1966 Terry Paine
0%
Italien/1938 Ugo Locatelli
0%
Brasilien/2002 Vampeta
0%
Brasilien/1994 Viola
0%
Brasilien/1962 Zózimo
0%
Keine übereinstimmenden Quizze gefunden
Verteilung der Resultate
Anzahl Personen mit jedem Resultat
Perzentil nach korrekt beantworteten Fragen
Ihre Resultats-Entwicklung
Sie haben dieses Quiz seit der letzten Aktualisierung nicht gespielt